书目信息 |
| 书名: | American reference books annual | |
| 作者: | Bohdan S. Wynar, editor. | |
| 分册号: | ||
| 分册名: | 出版地: | Littleton, Colo. : |
|
| 出版社: | Libraries Unlimited | |
| 出版时间: | c1984. | |
| 页数: | xxvii, 793 p. ; | |
| 开本: | 23 cm. | |
| 丛书名: | ||
| 中图分类号: | ||
| 科图分类号: | ||
| 其他分类号: | Z836 | |
| 主题词: | ||
| 电子资源: | ||
| 000 | 00653nam 2200217 4500 | |
| 001 | E0737403514 | |
| 003 | CAL | |
| 005 | 20070302102948.48 | |
| 008 | 061114s1984 gw adk bdf b000 0 eng d | |
| 020 | @a0872874265. | |
| 040 | @cSJT | |
| 090 | @aZ836 | |
| 099 | @dZ836@ex3:15 | |
| 245 | 00 | @aAmerican reference books annual.@n1984, v. 15 / @cBohdan S. Wynar, editor. |
| 260 | @aLittleton, Colo. :@bLibraries Unlimited,@cc1984. | |
| 300 | @axxvii, 793 p. ;@c23 cm. | |
| 504 | @aIncludes bibliographical references.e | |
| 650 | 0 | @aReference books@xBibliography@xPeriodicals. |
| 700 | 1 | @aWynar, Bohdan S. |
| 920 | @a232010@z2 | |
| 998 | @aSJT | |
| American reference books annual.. 1984, v. 15 / / Bohdan S. Wynar, editor.-Littleton, Colo. : : Libraries Unlimited, , c1984. |
| xxvii, 793 p. ; ; 23 cm. |
| Includes bibliographical references.e |
| ISBN 0872874265. |
| ● |
| 相关链接 |
|
|
|
|
正题名:American reference books annual
索取号:Z836/x3:15
 
预约/预借
| 序号 | 登录号 | 条形码 | 馆藏地/架位号 | 状态 | 备注 |
| 1 | 182176 | 000633121 | 第四借阅区/ [索取号:Z836/x3:15] | 在馆 |